01603nam a22002177a 4500003000400000005001700004008004100021020001800062040001700080082001500097100002400112245004000136260006000176300001400236520087200250650003101122650001801153942001201171952018501183999001701368OSt20251229145434.0251229b |||||||| |||| 00| 0 eng d a9789387022812 cSoET Library a320.51 SIN aSingh, Bhagat93028 aWhy I Am an Atheist and Other Works aNew Delhi:bSrishti Publishers and Distributors,c2020. ax, 126 p. aBhagat Singh is a name that became synonymous with revolution in India's struggle for Independence. This young boy brought about a change in the way people thought about freedom. He was well read and fought extensively for rights - his own, his comrades' and his countrymen's. A discussion with a friend soon turned into a matter of self-assessment for Bhagat Singh, leading to a discourse on why he chose to be an atheist. Even in the face of death at a very young age, his uncanny observation leads to his putting forth some pertinent questions. On another occasion, he was disappointed with his father's plea in court for his innocence and chose to write a letter to him. This book is a collection of eighteen of his valued writings from within the walls of prison and outside it, which show us the resolve in his words, and the bravery in his acts subsequently.  aPolitical philosophy93029 aAtheism93030 2ddccBK 00102ddc4070aCMRUbCMRUd2025-12-29eEducational Suppliesg199.00l2o320.51 SINp008779r2026-03-25 13:10:43s2026-03-13t1w2025-12-29yBKB23/12/2025RA61330 23/12/2025DU c10156d10156